| 000 | 00590nam a2200133Ia 4500 | ||
|---|---|---|---|
| 008 | 171212s9999 xx 000 0 und d | ||
| 020 | _a9780833037275 | ||
| 100 | _aEiseman, Elisa;Fossum, Donna | ||
| 245 |
_cEiseman, Elisa;Fossum, Donna _aThe Challenges of Creating a Global Health Resource Tracking System |
||
| 260 |
_bRAND Corporation _c2005 |
||
| 650 | _aHealth Sciences | ||
| 650 | _aWorld health; Health care rationing; Public health surveillance; Public health -- Research -- Methodology; Public health -- International cooperation | ||
| 856 | _uwww.jstor.org/stable/10.7249/mg317bmg | ||
| 999 |
_c352625 _d352625 |
||